OpenStack operations guide:set up and manage your openstack guide (Record no. 48893)

MARC details
000 -LEADER
fixed length control field 01011cam a22003255i 4500
001 - CONTROL NUMBER
control field 18711165
003 - CONTROL NUMBER IDENTIFIER
control field OSt
005 - DATE AND TIME OF LATEST TRANSACTION
control field 20170221160335.0
008 - FIXED-LENGTH DATA ELEMENTS--GENERAL INFORMATION
fixed length control field 150722s2014 caua 001 0 eng
010 ## - LIBRARY OF CONGRESS CONTROL NUMBER
LC control number 2015430833
020 ## - INTERNATIONAL STANDARD BOOK NUMBER
International Standard Book Number 9781491905357
040 ## - CATALOGING SOURCE
Original cataloging agency DLC
Language of cataloging eng
Description conventions rda
Transcribing agency DLC
042 ## - AUTHENTICATION CODE
Authentication code pcc
050 ## - LIBRARY OF CONGRESS CALL NUMBER
Classification number QA76.585
Item number .O64 2014
100 1# - MAIN ENTRY--PERSONAL NAME
Personal name Fifield, Tom
245 10 - TITLE STATEMENT
Title OpenStack operations guide:set up and manage your openstack guide
Statement of responsibility, etc by Tom Fifield, [and 6 others].
300 ## - PHYSICAL DESCRIPTION
Extent xxiv, 302 pages :
Other physical details illustrations ;
Dimensions 24 cm
500 ## - GENERAL NOTE
General note Includes index.
630 00 - SUBJECT ADDED ENTRY--UNIFORM TITLE
Uniform title OpenStack (Electronic resource)
650 #0 - SUBJECT ADDED ENTRY--TOPICAL TERM
Topical term or geographic name as entry element Cloud computing.
700 1# - ADDED ENTRY--PERSONAL NAME
Personal name Fleming, Diane,
Relator term author.
700 1# - ADDED ENTRY--PERSONAL NAME
Personal name Gentle, Anne,
Relator term author.
700 1# - ADDED ENTRY--PERSONAL NAME
Personal name Hochstein, Lorin,
Relator term author.
700 1# - ADDED ENTRY--PERSONAL NAME
Personal name Proulx, Jonathan,
Relator term author.
700 1# - ADDED ENTRY--PERSONAL NAME
Personal name Toews, Everett,
Relator term author.
700 1# - ADDED ENTRY--PERSONAL NAME
Personal name Topjian, Joe,
Relator term author.
906 ## - LOCAL DATA ELEMENT F, LDF (RLIN)
a 0
b ibc
c origres
d 2
e ncip
f 20
g y-gencatlg
942 ## - ADDED ENTRY ELEMENTS (KOHA)
Source of classification or shelving scheme Library of Congress Classification
Koha item type Book
Holdings
Withdrawn status Lost status Source of classification or shelving scheme Damaged status Not for loan Collection code Home library Current library Shelving location Date acquired Source of acquisition Cost, normal purchase price Total Checkouts Full call number Barcode Date last seen Date checked out Price effective from Koha item type
    Library of Congress Classification     Non-fiction Bishop Okullu Memorial Library (Limuru Campus) Bishop Okullu Memorial Library (Limuru Campus) General Circulation 21/02/2017 Donation-BFA 2000.00 1 QA76.585 .O64 2014 051038 01/08/2022 27/07/2022 21/02/2017 Book